Ensayos en suelos / (Registro nro. 4314)
[ vista simple ]
| 000 -LEADER | |
|---|---|
| fixed length control field | 01592nam a22003017a 4500 |
| 003 - CONTROL NUMBER IDENTIFIER | |
| control field | PE SENCICO BE |
| 005 - DATE AND TIME OF LATEST TRANSACTION | |
| control field | 20251020182642.0 |
| 008 - FIXED-LENGTH DATA ELEMENTS--GENERAL INFORMATION | |
| fixed length control field | 230918b |||||||| |||| 00| 0 eng d |
| 040 ## - CATALOGING SOURCE | |
| Original cataloging agency | PE SENCICO BE |
| Transcribing agency | PE SENCICO BE |
| 041 ## - LANGUAGE CODE | |
| Language code of text/sound track or separate title | spa |
| 084 ## - OTHER CLASSIFICATION NUMBER | |
| Classification number | I |
| -- | LAB |
| -- | 2018 |
| Item number | S21 |
| 100 1# - MAIN ENTRY--PERSONAL NAME | |
| 9 (RLIN) | 1583 |
| Personal name | Sanchez Cossio, Luis Alberto |
| Relator term | autor |
| 245 1# - TITLE STATEMENT | |
| Title | Ensayos en suelos / |
| Statement of responsibility, etc. | Luis Alberto Sanchez Cossio |
| 260 ## - PUBLICATION, DISTRIBUTION, ETC. | |
| Place of publication, distribution, etc. | Lima : |
| Date of publication, distribution, etc. | 2018 |
| 300 ## - PHYSICAL DESCRIPTION | |
| Extent | 82 hojas : |
| Other physical details | ilustraciones a color, diagramas, tabls. ; |
| Dimensions | 30 cm. |
| 500 ## - GENERAL NOTE | |
| General note | En la portada: Métodos de ensayo para el análisis granulométrico por tamizado -- Método de ensayo para determinar el límite líquido, límite plástico e índice de plasticidad -- Método de ensayo para la compactación del suelo en laboratorio utilizando una energía modificada -- Método de ensayo de CBR (relación de soporte California) de suelos compactados en laboratorio. |
| 502 ## - DISSERTATION NOTE | |
| Dissertation note | Monografía de Titulación.-- Servicio Nacional de Capacitación para la Industria de la Construcción. Escuela Superior Técnica. Carrera Profesional Técnica en Laboratorio de Suelos, Concreto y Asfalto, 2018. |
| 504 ## - BIBLIOGRAPHY, ETC. NOTE | |
| Bibliography, etc. note | Bibliografía: h. 82. |
| 650 10 - SUBJECT ADDED ENTRY--TOPICAL TERM | |
| 9 (RLIN) | 1262 |
| Topical term or geographic name entry element | Laboratorio de suelos |
| 650 20 - SUBJECT ADDED ENTRY--TOPICAL TERM | |
| 9 (RLIN) | 1263 |
| Topical term or geographic name entry element | Laboratorio de ensayo de materiales |
| 650 20 - SUBJECT ADDED ENTRY--TOPICAL TERM | |
| 9 (RLIN) | 1565 |
| Topical term or geographic name entry element | Compactación de suelos |
| 650 20 - SUBJECT ADDED ENTRY--TOPICAL TERM | |
| 9 (RLIN) | 1569 |
| Topical term or geographic name entry element | Análisis de suelos |
| 650 20 - SUBJECT ADDED ENTRY--TOPICAL TERM | |
| 9 (RLIN) | 1562 |
| Topical term or geographic name entry element | Granulometría |
| 650 20 - SUBJECT ADDED ENTRY--TOPICAL TERM | |
| 9 (RLIN) | 1584 |
| Topical term or geographic name entry element | Plasticidad |
| 710 1# - ADDED ENTRY--CORPORATE NAME | |
| Corporate name or jurisdiction name as entry element | Servicio Nacional de Capacitación para la Industria de la Construcción. |
| Subordinate unit | Escuela Superior Técnica |
| 9 (RLIN) | 1065 |
| 910 ## - USER-OPTION DATA (OCLC) | |
| -- | hfp |
| -- | hfp |
| 942 ## - ADDED ENTRY ELEMENTS (KOHA) | |
| Koha item type | Monografía de Titulación |
| Fecha de la última vez que lo usaron | Número de ingreso o de inventario | Pago total | Signatura topográfica completa | Precio efectivo desde | Tipo de documento | Estado perdido | Estado dañado | No es para préstamo | Retirado | Ubicación permanente | Ubicación actual | Fecha de adquisición |
|---|---|---|---|---|---|---|---|---|---|---|---|---|
| 18/09/2023 | I-00131 | I/LAB/2018/S21 | 18/09/2023 | Monografía de Titulación | Biblioteca Central Lima | Biblioteca Central Lima | 18/09/2023 |